000
00325nam a2200133Ia 4500
005
20251222144651.0
008
251222s9999||||xx |||||||||||||| ||spa||
020
_a
84-01-37801-X
082
_a
306.42/A44
100
_a
Almiron, Núria
245
0
_a
Los Amos de la Globalización:
264
_b
Plaza & Janés
942
_c
LIB
999
_c
17052
_d
17052